[Event "Offene Herner Stadtmeisterschaft 2006"]
[Site "?"]
[Date "2006.02.06"]
[Round "1.13"]
[White "Berens, Thomas"]
[Black "Quäschling, Udo"]
[Result "1-0"]
[WhiteElo "2059"]
[BlackElo "1787"]
[PlyCount "87"]
[EventDate "2006.??.??"]

1. d4 d5 2. c4 dxc4 3. Nf3 Nf6 4. e3 e6 5. Bxc4 Bb4+ 6. Nc3 O-O 7. O-O Bd6 8.
e4 Nfd7 9. e5 Be7 10. Qe2 b6 11. Rd1 Bb7 12. Ne4 Bxe4 13. Qxe4 c6 14. h4 Kh8
15. Bd3 f5 16. exf6 Nxf6 17. Qxe6 Qd7 18. Re1 Bd6 19. Bg5 Re8 20. Qf5 Qxf5 21.
Rxe8+ Nxe8 22. Bxf5 Na6 23. Bd7 c5 24. Ne5 Bxe5 25. dxe5 Nec7 26. Rd1 h6 27.
Be7 Nb4 28. a3 Nbd5 29. Bc6 Nxe7 30. Bxa8 Nxa8 31. Rd8+ Kh7 32. Rxa8 Nc6 33. f4
Kg6 34. g4 Kf7 35. Kf2 g5 36. hxg5 hxg5 37. Ke3 gxf4+ 38. Kxf4 a5 39. Rc8 Nd4
40. Rb8 b5 41. Ke4 Kg6 42. Kd5 Kg5 43. Rg8+ Kf4 44. e6 1-0

[Event "Offene Herner Stadtmeisterschaft 2006"]
[Site "?"]
[Date "2006.02.06"]
[Round "1.21"]
[White "Bittner, Reinhardt"]
[Black "Schriewer, Thomas"]
[Result "0-1"]
[WhiteElo "1372"]
[BlackElo "1926"]
[PlyCount "74"]
[EventDate "2006.??.??"]

1. d4 d5 2. Nf3 Nf6 3. Bg5 Nbd7 4. e3 e6 5. Bd3 Be7 6. O-O O-O 7. Nbd2 Re8 8.
Ne5 Nf8 9. f4 N6d7 10. Bxe7 Qxe7 11. c3 f6 12. Nxd7 Bxd7 13. e4 c5 14. e5 f5
15. Nf3 Rec8 16. dxc5 Rxc5 17. Nd4 Rc7 18. Kh1 Kh8 19. Rc1 a6 20. Rf2 Rac8 21.
Rfc2 g5 22. fxg5 Qxg5 23. Nf3 Qg7 24. Qe1 Ng6 25. Qg3 Rg8 26. c4 d4 27. Re1 Rd8
28. Nxd4 Bc8 29. Nb3 b6 30. c5 b5 31. Qg5 Rxd3 32. Rd2 Rxd2 33. Nxd2 Qe7 34.
Qf6+ Qxf6 35. exf6 Kg8 36. Nf3 Kf7 37. Ng5+ Kxf6 0-1

[Event "Offene Herner Stadtmeisterschaft 2006"]
[Site "?"]
[Date "2006.02.14"]
[Round "2.1"]
[White "Becker, Jörg"]
[Black "Hombrecher, Kai"]
[Result "1/2-1/2"]
[WhiteElo "2182"]
[BlackElo "1860"]
[PlyCount "82"]
[EventDate "2006.??.??"]

1. e4 c6 2. d4 d5 3. Nc3 dxe4 4. Nxe4 Bf5 5. Ng3 Bg6 6. h4 h6 7. Nf3 Nf6 8. h5
Bh7 9. Bd3 Bxd3 10. Qxd3 e6 11. Qe2 Be7 12. Bd2 O-O 13. O-O-O Qc7 14. Ne4 Nbd7
15. Nxf6+ Nxf6 16. g4 Bd6 17. g5 hxg5 18. Nxg5 Bf4 19. Rdg1 (19. h6 g6 20. Qf3
Nd5 21. Rh4 Bxg5 22. h7+ Kh8 23. Bxg5 $36) 19... Rad8 20. Nf3 Rd5 21. Rh4 Bxd2+
22. Qxd2 Rxh5 23. Rxh5 Nxh5 24. Ne5 g6 25. Qg5 Ng7 26. Ng4 Nh5 27. Nf6+ Nxf6
28. Qxf6 Qh2 29. Rg3 Qh8 30. Qf4 Rd8 31. c3 c5 32. Qg5 Rd5 33. Qe7 Qh1+ 34. Kd2
cxd4 35. c4 Qh6+ 36. Kd3 Rf5 37. Qd8+ Kh7 38. Qxd4 Qh1 39. Ke2 Qh5+ 40. Kf1
Qh1+ 41. Ke2 Qh5+ 1/2-1/2

[Event "Offene Herner Stadtmeisterschaft 2006"]
[Site "?"]
[Date "2006.02.14"]
[Round "2.2"]
[White "Freisen, Thomas"]
[Black "Villwock, Martin"]
[Result "0-1"]
[WhiteElo "1892"]
[BlackElo "2189"]
[PlyCount "97"]
[EventDate "2006.??.??"]

1. d4 d5 2. Nf3 Nf6 3. c4 dxc4 4. e3 g6 5. Bxc4 Bg7 6. O-O O-O 7. Nc3 a6 8. Qe2
c5 9. dxc5 Qa5 10. e4 Qxc5 11. e5 Ng4 12. e6 f5 13. h3 Nf6 14. Be3 Qa5 15. a3
Nc6 16. b4 Qc7 17. Rac1 b5 18. Nxb5 axb5 19. Bxb5 Rxa3 20. Rxc6 Qb8 21. Rb6 Qa8
22. Bc6 Qa7 23. Rb7 (23. Bc5 Ne4 24. Bxe4 fxe4 25. Qxe4 $18) 23... Rxe3 24.
Qxe3 Qxe3 25. fxe3 Bxb7 26. Bxb7 Rb8 27. Bc6 Rxb4 28. Nd2 Bh6 29. Re1 Kg7 30.
Kf2 Rb2 31. Re2 Rb6 32. Bd7 Nxd7 33. exd7 Rd6 34. Nf3 Rxd7 35. e4 Kf6 36. g3
Rb7 37. exf5 gxf5 38. g4 fxg4 39. hxg4 Bf4 40. Nh4 e5 41. Nf3 Rg7 42. g5+ Kf5
43. Re1 Rc7 44. Re2 Rc5 45. Kg2 Rc3 46. Kf2 e4 47. Nd4+ Ke5 48. Nb5 Rf3+ 49.
Ke1 0-1

[Event "Offene Herner Stadtmeisterschaft 2006"]
[Site "?"]
[Date "2006.02.14"]
[Round "2.4"]
[White "Distelrath, Oliver"]
[Black "Ritter, Uwe"]
[Result "0-1"]
[WhiteElo "2029"]
[BlackElo "2094"]
[PlyCount "52"]
[EventDate "2006.??.??"]

1. d4 Nf6 2. Nf3 d5 3. Bf4 c5 4. e3 Nc6 5. c3 Qb6 6. Qb3 c4 7. Qxb6 axb6 8.
Nbd2 b5 9. Be2 e6 10. O-O b4 11. e4 b5 12. Ne5 Bb7 13. a4 bxa3 14. b3 Nxe5 15.
dxe5 Nxe4 16. Nxe4 dxe4 17. bxc4 bxc4 18. Bxc4 Bc5 19. Bb5+ Ke7 20. Ra2 Ra5 21.
c4 Rb8 22. Rd1 Rxb5 23. cxb5 Bd5 24. Raa1 Rxb5 25. Rdc1 a2 26. Bd2 Ba3 0-1

[Event "Offene Herner Stadtmeisterschaft 2006"]
[Site "?"]
[Date "2006.02.14"]
[Round "2.5"]
[White "Fischoeder, Heiko"]
[Black "Wolff, Chrstoph"]
[Result "1-0"]
[WhiteElo "1844"]
[BlackElo "2110"]
[PlyCount "49"]
[EventDate "2006.??.??"]

1. e4 c5 2. Nf3 d6 3. d4 cxd4 4. Nxd4 Nf6 5. Nc3 a6 6. Bg5 e6 7. f4 b5 8. e5
dxe5 9. fxe5 Qc7 10. exf6 Qe5+ 11. Be2 Qxg5 12. O-O gxf6 13. Qd3 Ra7 14. Ne4
Qe5 15. Nxf6+ Ke7 16. Rad1 Qc5 17. Kh1 Bg7 18. Qe3 Rc7 19. b4 Qa7 20. Qg5 Kf8
21. Nd7+ Rxd7 22. Nxe6+ Ke8 23. Qxg7 Rxd1 24. Rxd1 Ke7 25. Qxh8 1-0

[Event "Offene Herner Stadtmeisterschaft 2006"]
[Site "?"]
[Date "2006.02.14"]
[Round "2.6"]
[White "Schriewer, Thomas"]
[Black "Löffelbein, Klaus"]
[Result "0-1"]
[WhiteElo "1926"]
[BlackElo "2034"]
[PlyCount "66"]
[EventDate "2006.??.??"]

1. d4 Nf6 2. c4 c5 3. d5 b5 4. cxb5 a6 5. Nc3 axb5 6. e4 b4 7. Nb5 d6 8. Bf4 g5
9. Be3 Nxe4 10. Bd3 Nf6 11. Bxg5 Bg7 12. Ne2 Nbd7 13. Nf4 Nb6 14. Qe2 Kf8 15.
O-O Bb7 16. Bxf6 Bxf6 17. Qf3 Qd7 18. Nh5 Bxb2 19. Bf5 Qxb5 20. Be6 Qe8 21. Qf4
Rg8 22. Rad1 Bc8 23. Rd3 Bxe6 24. dxe6 Ra3 25. Rfd1 Rxd3 26. Rxd3 Rg6 27. exf7
Qxf7 28. Qd2 Bf6 29. Rf3 Qd5 30. Nxf6 Qxf3 31. Nxh7+ Kg7 32. g3 Kxh7 33. Qc2
Qd5 0-1

[Event "Offene Herner Stadtmeisterschaft 2006"]
[Site "?"]
[Date "2006.02.14"]
[Round "2.7"]
[White "Graw, Christopher"]
[Black "Gallert, Heinz-Peter"]
[Result "0-1"]
[WhiteElo "2161"]
[BlackElo "1773"]
[PlyCount "64"]
[EventDate "2006.??.??"]

1. d4 d5 2. c4 e6 3. Nc3 Bb4 4. a3 Bxc3+ 5. bxc3 dxc4 6. e4 b5 7. a4 c6 8. Ba3
Ne7 9. Qh5 a6 10. Nf3 Ng6 11. h4 Nd7 12. Ng5 Nf6 13. Qf3 h6 14. Nxf7 Kxf7 15.
h5 Ne7 16. e5 Qd5 17. Rh3 Qxf3 18. Rxf3 Bb7 19. exf6 gxf6 20. Kd2 c5 21. Rg3
Nf5 22. Rg4 cxd4 23. cxd4 Rhg8 24. Rxg8 Kxg8 25. Bc5 Ng7 26. Kc3 Nxh5 27. Kb4
Nf4 28. g3 Nd5+ 29. Ka5 Bc6 30. Ba3 Rb8 31. axb5 axb5 32. g4 Ra8# 0-1

[Event "Offene Herner Stadtmeisterschaft 2006"]
[Site "?"]
[Date "2006.02.14"]
[Round "2.12"]
[White "Pohl, Markus"]
[Black "Becker, Marcel"]
[Result "0-1"]
[WhiteElo "1523"]
[BlackElo "2313"]
[PlyCount "61"]
[EventDate "2006.??.??"]

1. Nf3 Nf6 2. d4 d5 3. Bf4 c6 4. h3 Qb6 5. Qc1 Bf5 6. Nbd2 e6 7. e3 Be7 8. Be2
Nbd7 9. O-O O-O 10. Nh4 Be4 11. f3 Bg6 12. Nxg6 hxg6 13. Bg5 e5 14. c3 Rfe8 15.
Bh4 exd4 16. exd4 Ba3 17. Nb3 Rxe2 18. bxa3 Rae8 19. Rb1 Qc7 20. Rb2 Nh5 21.
Rxe2 Rxe2 22. Rf2 Nf4 23. Qd1 Re8 24. Kh1 Nxh3 25. Re2 Rxe2 26. Qxe2 g5 27. Be1
Nf4 28. Qe7 Ne6 29. Bg3 Qxg3 30. Qxd7 g6 31. Nc1 0-1

[Event "Offene Herner Stadtmeisterschaft 2006"]
[Site "?"]
[Date "2006.02.14"]
[Round "2.14"]
[White "Radi, Günter"]
[Black "Wachowius, Heinz-Werner"]
[Result "1-0"]
[WhiteElo "1913"]
[BlackElo "2027"]
[PlyCount "67"]
[EventDate "2006.??.??"]

1. d4 Nf6 2. Nf3 g6 3. c4 Bg7 4. Nc3 O-O 5. Bf4 d6 6. Qd2 Nbd7 7. Bh6 e5 8.
Bxg7 Kxg7 9. O-O-O e4 10. Ng5 Re8 11. h4 c6 12. Qf4 Qe7 13. e3 h6 14. Nh3 Nh5
15. Qh2 Ndf6 16. Be2 Bg4 17. Nf4 Bxe2 18. Ncxe2 Nxf4 19. Nxf4 b5 20. cxb5 cxb5
21. Qh3 Rac8+ 22. Kb1 h5 23. g3 Ng4 24. Qf1 Qd7 25. Qe2 d5 26. Rc1 Nf6 27. Rhd1
a6 28. Qd2 Rxc1+ 29. Rxc1 Rc8 30. Rc5 Rc6 31. Qc3 Rd6 32. Rc7 Qd8 33. Qc5 Ne8
34. Rc8 1-0

[Event "Offene Herner Stadtmeisterschaft 2006"]
[Site "?"]
[Date "2006.02.14"]
[Round "2.20"]
[White "Steinke, Hans-Jörg"]
[Black "Engwald, Siegfried"]
[Result "0-1"]
[WhiteElo "1650"]
[BlackElo "1501"]
[PlyCount "92"]
[EventDate "2006.??.??"]

1. d4 d5 2. c4 e6 3. Nc3 Nf6 4. Bg5 c6 5. e3 h6 6. Bh4 Be7 7. Nf3 Nbd7 8. Bd3
dxc4 9. Bxc4 Nb6 10. Bd3 Nbd5 11. Nxd5 Nxd5 12. Bxe7 Nxe7 13. O-O O-O 14. Rc1
Nd5 15. Ne5 Ne7 16. Bb1 f6 17. Nf3 Bd7 18. Qd3 f5 19. Ne5 Be8 20. Qb3 Qc8 21.
a3 Ng6 22. Nd3 Bf7 23. Qc2 Qd8 24. Nc5 Rb8 25. Ba2 e5 26. Ne6 Bxe6 27. Bxe6+
Kh8 28. Bxf5 Nh4 29. Be4 exd4 30. Rcd1 Qg5 31. Rxd4 Rbe8 32. f4 Qe7 33. Re1 c5
34. Rc4 b5 35. Rxc5 Qxe4 36. Qxe4 Rxe4 37. Rxb5 Rfxf4 38. Rb7 Rg4 39. Re2 a5
40. g3 Ng6 41. Kf2 Rg5 42. Kf3 Re6 43. e4 Ne5+ 44. Kg2 Ng4 45. h4 Rge5 46. Rc2
Ne3+ 0-1

[Event "Offene Herner Stadtmeisterschaft 2006"]
[Site "?"]
[Date "2006.02.21"]
[Round "3.1"]
[White "Villwock, Martin"]
[Black "Jungbluth, Michael"]
[Result "0-1"]
[WhiteElo "2189"]
[BlackElo "2020"]
[PlyCount "80"]
[EventDate "2006.??.??"]

1. d4 Nf6 2. c4 g6 3. Nc3 Bg7 4. e4 d6 5. f3 O-O 6. Be3 Nc6 7. Qd2 a6 8. h4 e5
9. d5 Nd4 10. Nge2 Nxe2 11. Bxe2 Nh5 12. g4 Ng3 13. Rh2 Nxe2 14. Qxe2 f5 15. g5
f4 16. Bf2 Bd7 17. O-O-O b6 18. h5 gxh5 19. Rxh5 Be8 20. Rh2 Bg6 21. Rg1 Qe7
22. Kb1 Rfb8 23. Qc2 Rb7 24. Ne2 Rab8 25. Nc1 Rc8 26. Nd3 a5 27. Be1 Qf7 28.
Qg2 c5 29. Rgh1 b5 30. Nf2 bxc4 31. Bxa5 Qxd5 32. Rxh7 Bxh7 33. Qh3 Rxb2+ 34.
Ka1 Qb7 35. Qxh7+ Kf8 36. Qf5+ Ke7 37. Qh7 Rxa2+ 38. Kxa2 Qb3+ 39. Ka1 Qa3+ 40.
Kb1 Rb8+ 0-1

[Event "Offene Herner Stadtmeisterschaft 2006"]
[Site "?"]
[Date "2006.02.21"]
[Round "3.2"]
[White "Raygrotzki, Norbert"]
[Black "Bartel, Mario"]
[Result "0-1"]
[WhiteElo "2045"]
[BlackElo "2163"]
[PlyCount "50"]
[EventDate "2006.??.??"]

1. d4 d5 2. Nf3 Nf6 3. c4 e6 4. Bg5 Nbd7 5. e3 Be7 6. Nc3 c6 7. Bd3 O-O 8. O-O
dxc4 9. Bxc4 Nd5 10. Bxe7 Qxe7 11. Rc1 Nxc3 12. Rxc3 e5 13. Nxe5 Nxe5 14. dxe5
Qxe5 15. f4 Qe4 16. Bd3 Qxe3+ 17. Kh1 Qe7 18. f5 Qf6 19. Bb1 b6 20. Qf3 Bb7 21.
b4 c5 22. Qg3 cxb4 23. Rc7 Bd5 24. Re1 a5 25. Rd7 Rad8 0-1

[Event "Offene Herner Stadtmeisterschaft 2006"]
[Site "?"]
[Date "2006.02.21"]
[Round "3.3"]
[White "Ritter, Uwe"]
[Black "Fischoeder, Heiko"]
[Result "1/2-1/2"]
[WhiteElo "2094"]
[BlackElo "1844"]
[PlyCount "109"]
[EventDate "2006.??.??"]

1. e4 e5 2. Nf3 Nf6 3. Nc3 Nc6 4. Bc4 Nxe4 5. O-O Nxc3 6. dxc3 Be7 7. Qd5 O-O
8. Nxe5 Nxe5 9. Qxe5 Bf6 10. Qg3 d6 11. Bf4 Bd7 12. Rad1 Re8 13. Rfe1 a6 14.
Bd3 Rxe1+ 15. Rxe1 Qf8 16. b3 Re8 17. Rxe8 Qxe8 18. Bd2 Qe6 19. Kf1 Qg4 20.
Qxg4 Bxg4 21. h3 Be6 22. f4 g6 23. Ke2 Kf8 24. Kf3 Ke7 25. a4 Bg7 26. c4 f5 27.
Be1 Bf6 28. g4 h5 29. g5 Bd4 30. Bf2 Bxf2 31. Kxf2 a5 32. h4 c5 33. Ke3 b6 {
Danach entwickelte sich ein unglaublich spannendes Match :-))} 34. Be2 Bf7 35.
Bf3 Kd7 36. Bb7 Kc7 37. Bd5 Be8 38. Bg8 Kd7 39. Kd3 Ke7 40. Bd5 Bf7 41. Ke3 Be6
42. Kd3 Bf7 43. Kc3 Be6 44. Bh1 Kd7 45. Kd3 Ke7 46. Bf3 Bf7 47. Bg2 Be6 48. Bd5
Kd7 49. c3 Ke7 50. Bb7 Bd7 51. Ba8 Be6 52. Bh1 Bd7 53. Bd5 Be6 54. b4 Bd7 55.
b5 1/2-1/2

[Event "Offene Herner Stadtmeisterschaft 2006"]
[Site "?"]
[Date "2006.02.21"]
[Round "3.4"]
[White "Löffelbein, Klaus"]
[Black "Schwarz, Ingo"]
[Result "0-1"]
[WhiteElo "2034"]
[BlackElo "2004"]
[PlyCount "60"]
[EventDate "2006.??.??"]

1. e4 c5 2. Nf3 Nc6 3. d4 cxd4 4. Nxd4 d5 5. Bb5 dxe4 6. Nxc6 Qxd1+ 7. Kxd1 a6
8. Nd4+ axb5 9. Nxb5 Bg4+ 10. Ke1 O-O-O 11. N1c3 e5 12. h3 Bh5 13. g4 Bg6 14.
Be3 Bb4 15. Ke2 h5 16. Rhd1 Ne7 17. Bb6 Rxd1 18. Rxd1 Nc6 19. Nd5 hxg4 20. hxg4
Bf8 21. c3 f5 22. Bc7 b6 23. Nxb6+ Kb7 24. Nd7 Be8 25. a4 fxg4 26. Rd2 g3 27.
Kf1 gxf2 28. Nxf8 e3 29. Rxf2 exf2 30. Kxf2 Rxf8+ 0-1

[Event "Offene Herner Stadtmeisterschaft 2006"]
[Site "?"]
[Date "2006.02.21"]
[Round "3.5"]
[White "Gallert, Heinz-Peter"]
[Black "Becker, Jörg"]
[Result "0-1"]
[WhiteElo "1773"]
[BlackElo "2182"]
[PlyCount "110"]
[EventDate "2006.??.??"]

1. f4 d5 2. Nf3 Nf6 3. g3 g6 4. Bg2 Bg7 5. d4 O-O 6. O-O Bf5 7. Nc3 Na6 8. Kh1
Nb4 9. Ne1 Qd7 10. a3 Nc6 11. Nf3 Ne4 12. Nxe4 Bxe4 13. c3 Na5 14. Nd2 Bxg2+
15. Kxg2 f5 16. Rf3 b5 17. b4 Nb7 18. a4 a5 19. bxa5 Rxa5 20. Nb3 Rxa4 21. Rb1
c6 22. Bb2 Rfa8 23. Qd3 e6 24. Rff1 Bf8 25. Qe3 Na5 26. Nd2 Bd6 27. Ra1 Nc4 28.
Nxc4 bxc4 29. Rxa4 Rxa4 30. Qd2 Qb7 31. Ra1 Qb3 32. Rxa4 Qxa4 33. Qc1 Kf7 34.
h3 Be7 35. Kf2 c5 36. e3 Qb3 37. Ke2 h6 38. Kf3 g5 39. Kf2 gxf4 40. gxf4 cxd4
41. exd4 Bd6 42. Kf3 Qb8 43. Qd2 Bxf4 44. Qxf4 Qxb2 45. Qc7+ Kg6 46. Qg3+ Kh5
47. Qe1 Qc2 48. Kg3 Qd3+ 49. Kh2 Qe4 50. Qg3 Qc2+ 51. Kg1 Qd3 52. Qe1 f4 53.
Qe5+ Qf5 54. Qe2+ f3 55. Qf1 Qe4 0-1

[Event "Offene Herner Stadtmeisterschaft 2006"]
[Site "?"]
[Date "2006.02.21"]
[Round "3.6"]
[White "Becker, Marcel"]
[Black "Mackowiak, Sascha"]
[Result "1-0"]
[WhiteElo "2313"]
[BlackElo "1813"]
[PlyCount "105"]
[EventDate "2006.??.??"]

1. d4 f5 2. g3 Nf6 3. Bg2 g6 4. c4 Bg7 5. Nc3 O-O 6. Nf3 d6 7. O-O Qe8 8. Re1
Qf7 9. b3 Ne4 10. Bb2 Nc6 11. Rc1 e5 12. dxe5 dxe5 13. Nxe4 fxe4 14. Ng5 Qxf2+
15. Kh1 Rd8 16. Nxe4 Qe3 17. Qc2 Bf5 18. Qc3 Bh6 19. Qxe3 Bxe3 20. Rcd1 Kg7 21.
Rd3 Bd4 22. Ba3 Bb6 23. Red1 Bd4 24. b4 a5 25. b5 Nb4 26. Bxb4 axb4 27. e3 Rxa2
28. Bf3 Be6 29. exd4 Bxc4 30. R3d2 Ra3 31. Rc1 Bd5 32. Bg2 exd4 33. Rxd4 b3 34.
Rd2 c6 35. Nc5 Ra2 36. Rxa2 bxa2 37. bxc6 bxc6 38. Kg1 Ra8 39. Ra1 Ra5 40. Bxd5
cxd5 41. Nd3 Kf6 42. Kf2 Kf5 43. h3 Ke4 44. Nb4 Rb5 45. Re1+ Kd4 46. Nxa2 Rb2+
47. Re2 Rxe2+ 48. Kxe2 h5 49. Nb4 g5 50. Nc6+ Ke4 51. Nb4 g4 52. hxg4 hxg4 53.
Nd3 1-0

[Event "Offene Herner Stadtmeisterschaft 2006"]
[Site "?"]
[Date "2006.02.21"]
[Round "3.7"]
[White "Scheibe, Werner"]
[Black "Zwielich, Frank"]
[Result "1/2-1/2"]
[WhiteElo "1898"]
[BlackElo "2019"]
[PlyCount "58"]
[EventDate "2006.??.??"]

1. e4 c5 2. Nf3 Nf6 3. Nc3 d6 4. d4 cxd4 5. Nxd4 a6 6. Be2 e6 7. Be3 Be7 8. O-O
Qc7 9. a4 Nc6 10. f4 O-O 11. Nb3 b6 12. Qd2 Bb7 13. Bf3 Rfe8 14. Qf2 Nd7 15.
Rad1 Rab8 16. Rd2 Ba8 17. Rfd1 Nc5 18. Nd4 Nxd4 19. Bxd4 b5 20. axb5 axb5 21.
e5 d5 22. f5 b4 23. fxe6 fxe6 24. Ne2 Rf8 25. Qg3 Bc6 26. Nf4 Bd7 27. Kh1 Rbe8
28. h4 Rf7 29. Re2 Ref8 {In besserer Stellung für Weiss remis.} 1/2-1/2

[Event "Offene Herner Stadtmeisterschaft 2006"]
[Site "?"]
[Date "2006.02.21"]
[Round "3.8"]
[White "Göldenboog, Jürgen"]
[Black "Fieberg, Norbert"]
[Result "0-1"]
[WhiteElo "1994"]
[BlackElo "1775"]
[PlyCount "144"]
[EventDate "2006.??.??"]

1. d4 Nf6 2. c4 e5 3. dxe5 Ng4 4. Nf3 Bc5 5. e3 Nc6 6. Be2 Ngxe5 7. Nxe5 Nxe5
8. O-O O-O 9. a3 a5 10. Nc3 Re8 11. Nd5 c6 12. Nf4 d6 13. Bd2 Bf5 14. Bc3 Qe7
15. Qd2 Bb6 16. Rfd1 Bc7 17. b4 a4 18. Qd4 f6 19. e4 Bg6 20. f3 Bf7 21. c5 dxc5
22. Qxc5 Nxf3+ $3 23. gxf3 Bxf4 24. Qf5 Be3+ 25. Kf1 Be6 26. Qh5 Bg5 27. f4
Bxf4 28. Qf3 Bxh2 29. Rd2 Be5 30. Rc1 Red8 31. Rxd8+ Rxd8 32. Bxe5 fxe5 33. Qg3
Qf6+ 34. Ke1 Qf4 35. Qxf4 exf4 36. Bd1 Rd3 37. Bxa4 Rxa3 38. Bc2 Re3+ 39. Kf2
Bg4 40. Bb1 Re2+ 41. Kg1 h5 42. Bd3 Rd2 43. Bc4+ Kf8 44. b5 Rd1+ 45. Rxd1 Bxd1
46. b6 Bc2 47. Ba6 Ke7 48. Bxb7 Kd7 49. e5 Bf5 50. Kf2 g5 51. Kf3 h4 52. Ba6
Be6 53. Ke4 h3 54. Bf1 h2 55. Bg2 Bd5+ 56. Kf5 Bxg2 57. e6+ Ke7 58. b7 Be4+ 59.
Kxg5 h1=Q 60. b8=Q Qg2+ 61. Kh4 Qg3+ 62. Kh5 Qh3+ 63. Kg5 Qg3+ 64. Kh5 Bf3+ 65.
Kh6 Qh4+ 66. Kg7 Qg5+ 67. Kh8 Qf6+ 68. Kg8 Qxe6+ 69. Kg7 Qf6+ 70. Kg8 Bd5+ 71.
Kh7 Be4+ 72. Kg8 Qf7+ 0-1

[Event "Offene Herner Stadtmeisterschaft 2006"]
[Site "?"]
[Date "2006.02.21"]
[Round "3.9"]
[White "Hombrecher, Kai"]
[Black "Radi, Günter"]
[Result "1-0"]
[WhiteElo "1860"]
[BlackElo "1913"]
[PlyCount "134"]
[EventDate "2006.??.??"]

1. Nf3 d5 2. g3 c5 3. Bg2 Nc6 4. d4 e6 5. O-O Nf6 6. c4 Bd7 7. cxd5 Nxd5 8. e4
Nb6 9. d5 Ne7 10. d6 Nc6 11. e5 h6 12. Nc3 a6 13. Ne4 Nc4 14. Nxc5 N4xe5 15.
Nxe5 Nxe5 16. Nxb7 Qb6 17. Be3 Qb5 18. a4 Qd3 19. Qxd3 Nxd3 20. Nc5 Nxc5 21.
Bxa8 Bxd6 22. Bxc5 Bxc5 23. Bb7 a5 24. Rac1 Bd6 25. Bc6 Ke7 26. Bxd7 Kxd7 27.
Rfd1 Ke7 28. Rc6 Bb4 29. Rc7+ Kf6 30. Rdd7 Rf8 31. Kf1 g5 32. g4 Kg6 33. Ke2 f5
34. gxf5+ Rxf5 35. Rg7+ Kh5 36. Rgd7 g4 37. Rd3 Bc5 38. f3 Re5+ 39. Kd1 gxf3
40. Rxf3 Rd5+ 41. Kc2 Kg4 42. Rg3+ Kh4 43. Rh7 h5 44. Rd3 Rf5 45. h3 Rf4 46. b3
Rf2+ 47. Kd1 Rf4 48. Ke2 Rf2+ 49. Ke1 Rf4 50. Rc7 Bf2+ 51. Ke2 e5 52. Rf3 Rxf3
53. Kxf3 Bd4 54. Rh7 Kg5 55. Ke4 Kh4 56. Kf3 Kg5 57. Rb7 Bc3 58. Rc7 Bb4 59.
Ke4 Kh4 60. Rh7 Bc3 61. Kf3 Kg5 62. Kg2 e4 63. Kf2 Bd2 64. Ke2 e3 65. Kf3 Kh4
66. Ke2 Kg5 67. Kd1 Kh4 1-0

[Event "Offene Herner Stadtmeisterschaft 2006"]
[Site "?"]
[Date "2006.02.21"]
[Round "3.11"]
[White "Ponto, Michael"]
[Black "Graw, Christopher"]
[Result "0-1"]
[WhiteElo "1546"]
[BlackElo "2161"]
[PlyCount "34"]
[EventDate "2006.??.??"]

1. Nf3 d6 2. c4 e5 3. Nc3 f5 4. d3 Nf6 5. e4 Be7 6. g3 O-O 7. Bg2 c6 8. O-O Qe8
9. Qb3 Na6 10. Qc2 Qh5 11. a3 f4 12. gxf4 Bh3 13. Bxh3 Qxh3 14. Qe2 Ng4 15. Kh1
Bh4 16. Bd2 Nc5 17. Rad1 Ne6 0-1

[Event "Offene Herner Stadtmeisterschaft 2006"]
[Site "?"]
[Date "2006.02.21"]
[Round "3.12"]
[White "Berens, Thomas"]
[Black "Ebersbach, Hans-Joachim"]
[Result "1-0"]
[WhiteElo "2059"]
[BlackElo "1531"]
[PlyCount "39"]
[EventDate "2006.??.??"]

1. d4 d5 2. c4 e6 3. Nc3 c5 4. cxd5 exd5 5. Nf3 Nf6 6. g3 Nc6 7. Bg2 Be7 8. O-O
O-O 9. dxc5 Bxc5 10. Bg5 Be6 11. Rc1 Be7 12. e3 Qa5 13. Nd4 Nxd4 14. Qxd4 Rfd8
15. Rfd1 h6 16. Bf4 Rac8 17. a3 Rc4 18. Qd2 Ne4 $2 19. Nxe4 $3 Rxc1 20. Rxc1
1-0

[Event "Offene Herner Stadtmeisterschaft 2006"]
[Site "?"]
[Date "2006.02.21"]
[Round "3.14"]
[White "Horneberg, Heinz"]
[Black "Distelrath, Oliver"]
[Result "0-1"]
[WhiteElo "1320"]
[BlackElo "2029"]
[PlyCount "26"]
[EventDate "2006.??.??"]

1. d4 Nf6 2. c4 c5 3. d5 b5 4. b3 g6 5. Bb2 d6 6. Bxf6 exf6 7. Nd2 Bg7 8. Rc1
O-O 9. e3 Qa5 10. Qc2 Na6 11. Qb2 Bf5 12. e4 Bxe4 13. Bd3 Bxg2 0-1

[Event "Offene Herner Stadtmeisterschaft 2006"]
[Site "?"]
[Date "2006.02.21"]
[Round "3.17"]
[White "Behrendt, Kevin"]
[Black "Picker, Andre"]
[Result "1-0"]
[WhiteElo "1712"]
[BlackElo "1298"]
[PlyCount "53"]
[EventDate "2006.??.??"]

1. e4 c5 2. Nf3 Nc6 3. d4 cxd4 4. Nxd4 g6 5. c3 Bg7 6. Be3 Nf6 7. Bd3 O-O 8.
Nd2 d5 9. f3 Ne5 10. Bc2 b6 11. Qe2 a6 12. h4 Nh5 13. Qf2 Nc4 14. Nxc4 dxc4 15.
g4 Nf6 16. O-O-O Qc7 17. h5 Nxg4 18. fxg4 Bxg4 19. Rdg1 Bxh5 20. Nf5 f6 21.
Nxg7 Kxg7 22. Rxh5 Qd7 23. Qh4 Kf7 24. Rxh7+ Ke8 25. Qg4 Qd6 26. Qxg6+ Kd8 27.
Rd1 1-0

[Event "Offene Herner Stadtmeisterschaft 2006"]
[Site "?"]
[Date "2006.02.21"]
[Round "3.19"]
[White "Wachowius, Heinz-Werner"]
[Black "Müller-Kreth, Kai"]
[Result "0-1"]
[WhiteElo "2027"]
[BlackElo "1765"]
[PlyCount "74"]
[EventDate "2006.??.??"]

1. d4 Nf6 2. Nf3 e6 3. e3 d5 4. Bd3 c5 5. c3 Nc6 6. Nbd2 Bd6 7. dxc5 Bxc5 8.
O-O O-O 9. e4 dxe4 10. Nxe4 Nxe4 11. Bxe4 Qxd1 12. Rxd1 f6 13. b4 Bb6 14. Be3
Bxe3 15. fxe3 e5 16. Rd6 Ne7 17. Bc2 Nf5 18. Bb3+ Kh8 19. Rd2 Nxe3 20. Re1 Nf5
21. g4 Ne7 22. h3 h5 23. Nxe5 $1 fxe5 24. Rxe5 Nf5 25. gxf5 Bxf5 26. Rf2 g6 27.
Be6 Rae8 28. Rfe2 Bxe6 29. Rxe6 Rxe6 30. Rxe6 Kg7 31. Re7+ Rf7 32. Rxf7+ Kxf7
33. Kf2 g5 34. c4 Ke6 35. a4 Ke5 36. a5 Kd4 37. c5 a6 0-1

[Event "Offene Herner Stadtmeisterschaft 2006"]
[Site "?"]
[Date "2006.03.07"]
[Round "4.1"]
[White "Bartel, Mario"]
[Black "Jungbluth, Michael"]
[Result "1-0"]
[WhiteElo "2163"]
[BlackElo "2020"]
[PlyCount "89"]
[EventDate "2006.??.??"]

1. e4 d6 2. d4 Nf6 3. Nc3 g6 4. Nf3 Bg7 5. Be2 O-O 6. h3 c5 7. Be3 cxd4 8. Nxd4
Nc6 9. Qd2 Bd7 10. O-O Qa5 11. Rfd1 Rfc8 12. f3 Ne5 13. Nd5 Qd8 14. Nxf6+ Bxf6
15. b3 Qf8 16. c4 Qg7 17. Rac1 Nc6 18. Nb5 a6 19. Nc3 Be6 20. Na4 Rab8 21. Nb6
Rd8 22. b4 Ne5 23. a4 Nd7 24. Nd5 Bxd5 25. cxd5 Rdc8 26. Rc2 Qf8 27. Rdc1 Qd8
28. a5 Ra8 29. f4 Bg7 30. Rc4 Rxc4 31. Rxc4 Rc8 32. Qc2 Rxc4 33. Qxc4 h5 34.
Bd1 Kh7 35. g4 hxg4 36. hxg4 Nf6 37. Kg2 Qd7 38. Kg3 Ne8 39. Bb6 f5 40. exf5
gxf5 41. Bc2 Kg8 42. Bxf5 Qa4 43. Be6+ Kh8 44. Qc8 Qb3+ 45. Kh4 1-0

[Event "Offene Herner Stadtmeisterschaft 2006"]
[Site "?"]
[Date "2006.03.07"]
[Round "4.2"]
[White "Schwarz, Ingo"]
[Black "Becker, Marcel"]
[Result "0-1"]
[WhiteElo "2004"]
[BlackElo "2313"]
[PlyCount "61"]
[EventDate "2006.??.??"]

1. e4 e6 2. f4 d5 3. e5 c5 4. Nf3 Nc6 5. c3 Nh6 6. Bd3 Be7 7. O-O O-O 8. Bc2 f6
9. d4 cxd4 10. Qd3 g6 11. cxd4 Qb6 12. Nc3 fxe5 13. fxe5 Nf5 14. Na4 Qc7 15.
Nc3 Nfxd4 16. Nxd4 Nxd4 17. Rxf8+ Bxf8 18. Be3 Nxc2 19. Qxc2 Bd7 20. Qf2 Bg7
21. Rc1 Rf8 22. Qd2 Qxe5 23. Bxa7 Qf6 24. Re1 Bc6 25. Bc5 Rf7 26. Nd1 d4 27.
Qe2 Qg5 28. Bd6 Qd5 29. Bg3 e5 30. Rf1 Bb5 31. Qxb5 0-1

[Event "Offene Herner Stadtmeisterschaft 2006"]
[Site "?"]
[Date "2006.03.07"]
[Round "4.3"]
[White "Becker, Jörg"]
[Black "Ritter, Uwe"]
[Result "1-0"]
[WhiteElo "2182"]
[BlackElo "2094"]
[PlyCount "63"]
[EventDate "2006.??.??"]

1. d4 Nf6 2. Nf3 d5 3. e3 e6 4. Bd3 c5 5. b3 Nc6 6. O-O Bd6 7. Bb2 O-O 8. Ne5
cxd4 9. Nxc6 bxc6 10. exd4 a5 11. c4 Ba6 12. Qc2 Qb8 13. g3 a4 14. Nd2 axb3 15.
axb3 Qb7 16. Ra4 Rfb8 17. Rfa1 Bf8 18. Bc3 Qc8 19. Nf3 dxc4 20. bxc4 Bb7 21.
Ng5 g6 22. d5 Rxa4 23. Rxa4 Bg7 24. dxe6 fxe6 25. c5 Qd7 26. Rf4 Nd5 27. Rf7
Qxf7 28. Nxf7 Bxc3 29. Nd6 Bc8 30. Bxg6 hxg6 31. Qxg6+ Bg7 32. Nxc8 1-0